Building repair and maintenance management

Tallennettuna:
Bibliografiset tiedot
Päätekijä: GAHLOT,P.S. Sanjay Sharma
Aineistotyyppi: Kirja
Kieli:englanti
Julkaistu: CBS Publishers. 2019.
Tagit: Lisää tagi
Ei tageja, Lisää ensimmäinen tagi!

MARC

LEADER 00000nam a22000007a 4500
008 210917b ||||| |||| 00| 0 eng d
020 |a 8123912439 
100 |a GAHLOT,P.S.  |a Sanjay Sharma 
245 |a Building repair and maintenance management  |c P.S.Gahlot [and] Sanjay Sharma  |g xvii,3405p.:ill. 
260 |b CBS Publishers.  |c 2019.  |d Book.  |h New Delhi.  |i 696890  |i 696891.  |l TH 3311,G12.  |m Buildings- maintenace-software  |m Building-Repair and reconstruction-software.  |m Life cycle costing- sftware. 
500 |a "It includes index". 
942 |a lcc  |c BK  |e Olagoke,M.A.  |f 17/09/2021. 
952 |0 0  |1 0  |2 lcc  |4 0  |7 0  |9 3593  |a HOL  |b TL  |c QZ  |d 2021-09-17  |o TH3311.G12  |p 2021-67332  |r 2021-09-17 00:00:00  |t 696890  |w 2021-09-17  |y BK 
952 |0 0  |1 0  |2 lcc  |4 0  |7 0  |9 3594  |a HOL  |b HOL  |c QZ  |d 2021-09-17  |o TH3311.G12  |p 2021-67333  |r 2021-09-17 00:00:00  |t 696891  |w 2021-09-17  |y BK 
999 |c 1780  |d 1780